|
|
|
|
| LEADER |
01131nam a2200253 u 4500 |
| 001 |
10020979 |
| 003 |
GR-PaULI |
| 005 |
20210117205510.0 |
| 008 |
990322s1997 us eng |
| 952 |
|
|
|0 0
|1 0
|2 ddc
|4 0
|6 612_007000000000000_8_WΟΟ
|7 0
|9 181708
|a LISP
|b LISP
|c BSC
|d 2016-04-24
|i 041771
|l 0
|o 612.007 8 WΟΟ
|p 025000005722
|r 2016-04-24 00:00:00
|t 1
|v 2016.00
|w 2016-04-24
|y BK15
|
| 952 |
|
|
|0 0
|1 0
|2 ddc
|4 0
|6 612_007000000000000_8_WOO
|7 0
|9 181709
|a LISP
|b LISP
|c BSC
|d 2016-04-24
|i 041770
|l 0
|o 612.007 8 WOO
|p 025000005721
|r 2016-04-24 00:00:00
|t 2
|v 2016.00
|w 2016-04-24
|y BK15
|
| 999 |
|
|
|c 112310
|d 112310
|
| 020 |
|
|
|a 0132556707
|
| 040 |
|
|
|a GR-PaULI
|c GR-PaULI
|b gre
|e AACR2
|
| 082 |
0 |
4 |
|a 612.007 8
|2 23
|
| 100 |
1 |
|
|a Wood, Michael G.
|9 145151
|e συγγραφέας.
|
| 245 |
1 |
0 |
|a Essentials of anatomy and physiology :
|b laboratory text and study guide /
|c Michael G. Wood.
|
| 260 |
|
|
|a Upper Saddle River :
|b Prentice Hall,
|c 1997.
|
| 300 |
|
|
|a x, 360 σ. :
|b εικ. ;.
|c 28 εκ.
|
| 504 |
|
|
|a
|
| 650 |
|
4 |
|a Ανατομία, Ανθρώπινη
|9 9070
|
| 650 |
|
4 |
|a Φυσιολογία
|9 7590
|
| 942 |
|
|
|2 ddc
|c BK15
|
| 998 |
|
|
|c ΜΠΟΥΡΑΣ
|d 2010-03
|